Normal view MARC view

Entry Personal Name

Number of records used in: 1

001 - CONTROL NUMBER

  • control field: 545789

003 - CONTROL NUMBER IDENTIFIER

  • control field: OSt

005 - DATE AND TIME OF LATEST TRANSACTION

  • control field: 20220930091457.0

008 - FIXED-LENGTH DATA ELEMENTS

  • fixed length control field: 220930|| aca||aabn | a|a d

040 ## - CATALOGING SOURCE

  • Original cataloging agency: OSt
  • Transcribing agency: OSt

100 ## - HEADING--PERSONAL NAME

  • Personal name: Darling Hariguremandir jbps Au

670 ## - SOURCE DATA FOUND

  • Source citation: Work cat.: (OSt)882129: Darling Hariguremandir jbps Au., Study of spectrum of hospital acquired acute kidney injury and their outcome at a tertiary care referral hospital, 2012
Copyright @ Delhi University Library System